Vytvoria sa východiská hospodárskeho obratu? Očakávany vývoj česko-slovenskej ekonomiky z roku 1992

Bibliographic Details
Main Author: Kárász, Pavol, 1948- (Author)
Format: Article
Language:Slovak
Subjects:

MARC

LEADER 00000nab a2200000 a 4500
001 vtls000439055
003 SK-MaSNL
005 20260304172156.0
008 120926c1992 xo 0 slo
015 |a SNBRB19rr/mm-uuuuu 
035 |a CL0439183 
040 |a SNKBUCL  |b slo  |c SNKBUCL  |e AACR2 
041 0 |a slo 
044 |a xo  |c SK 
080 |a 338.27(437)  |2 1981 
100 1 |a Kárász, Pavol,  |d 1948-  |4 aut  |9 153832 
245 1 0 |a Vytvoria sa východiská hospodárskeho obratu?  |b Očakávany vývoj česko-slovenskej ekonomiky z roku 1992  |c Pavol Kárász 
650 0 7 |a ekonomika ČSFR  |2 snkbucl  |9 952588 
655 7 |a články z novín a časopisov  |2 snkbucl  |9 267496 
773 0 |t Národná obroda  |g Roč. 3, č. 12 (15. 1. 1992), s. 6 
850 |a Slovenská národná knižnica v Martine  |a MTA001 
852 |a SNK  |b KIS3GCP 
958 |a RK 
992 |a RBX 
999 |c 2997021  |d 2998951